|
|
|
|
| LEADER |
00000cam a2200000 7i4500 |
| 001 |
0000002788 |
| 005 |
20040108.0 |
| 020 |
0 |
0 |
|a 0080288537
|
| 090 |
0 |
0 |
|a 581.333
|b MAY 1982
|
| 100 |
1 |
0 |
|a MAYER
|h A. M.
|
| 245 |
1 |
4 |
|a The germination of seeds
|c by A.M. Mayer and A. Poljakoff-Mayber
|
| 250 |
0 |
0 |
|a 3rd ed.
|
| 260 |
0 |
0 |
|a Oxford ; New York :
|b Pergamon Press ,
|c 1982
|
| 300 |
|
|
|a ix, 211 p., [4] p. of plates :
|b ill. ;
|c 26 cm.
|
| 500 |
0 |
0 |
|a Includes bibliographies and indexes
|
| 650 |
0 |
0 |
|a Germination
|
| 700 |
0 |
1 |
|a Poljakoff-Mayber
|h Alexandra ,
|c 1915-
|
| 998 |
|
|
|a JPSM
|
| 999 |
|
|
|a 0000003755
|b Monograph
|c Open Shelf
|e Default branch
|